| 000 | 00802nas a2200277 4500 | ||
|---|---|---|---|
| 001 | BR0701873 | ||
| 003 | BR-BrBNA | ||
| 005 | 20231205110714.0 | ||
| 007 | ta | ||
| 008 | 230509b bl.|||p| |||| 00| 00por d | ||
| 040 |
_aBR-BrBNA _bpor _cBiblioteca Nacional de Agricultura |
||
| 041 | _a(Pt) | ||
| 072 | _aE16 | ||
| 100 | 1 | _aNoce, R. | |
| 100 | 1 | _aCarvalho, R.M.M.A. | |
| 100 | 1 | _aCanto, J.L. do | |
| 100 | 1 | _aSilva, M.L. da | |
| 100 | 1 | _aMendes, L.M. | |
| 245 | 1 | _aMedida da desigualdade do mercado internacional de compensado | |
| 650 | _aCOMPENSADO | ||
| 650 | _aMERCADO INTERNACIONAL | ||
| 650 | _aANÁLISE ECONÔMICA | ||
| 773 | 0 |
_tCerne (Brazil) _xISSN 0104-7760 _g(Jan-Mar 2007), v. 13(1) p. 107-110 _wBR0701873 |
|
| 909 |
_a202311 _bLúcia _c55 _dLúcia Elande |
||
| 942 |
_2AGRIS _n0 _cANA |
||
| 999 |
_c188654 _d188654 |
||